UNIS all songs(until June 2025) - Statistics

General Stats
  • This quiz has been taken 22 times
  • The average score is 9 of 14
Answer Stats
Hint Answer % Correct
CURIOUS Curious
93%
WE UNIS SUPERWOMAN
93%
SWICY SWICY
87%
WE UNIS Dopamine
80%
SWICY DDANG!
67%
WE UNIS Butterfly's Dream
60%
CURIOUS Datin' Myself
60%
WE UNIS Dream of girls
60%
SWICY From a seed called ‘Hey, what’s up?
60%
CURIOUS Poppin'
60%
SWICY Good Feeling
53%
SWICY Spring rain
53%
WE UNIS Whatchu Need
47%
Digital Single See you in my dream
40%
No matching quizzes found
Score Distribution
Percent of People with Each Score
Percentile by Number Answered
Your Score History
You have not taken this quiz